000 00645nam a22002057a 4500
005 20221212145743.0
008 221109b ||||| |||| 00| 0 eng d
040 _cAL
041 _aeng
082 _223
_a328.542
_bLOKL
100 _aLok Sabha Secretariat
_965561
245 _aLok sabha debates:
_bSixth session fourteenth lok sabha Vol 15 No 14-16
260 _aNew Delhi
_bLok Sabha Secretariat
_c2005
300 _avii,1898p.
_bHB
_c27x21cm.
365 _2Political Science
440 _aFourteenth series:
_961548
_nVol 15 No 14-16
650 _aDebates Parliament
_961549
700 _aLOK SABHA SECRETARIAT
_961550
942 _2ddc
_cGF
999 _c225603
_d225603